{"text_format":"2","workbook":"xlsx","n_sheets":10,"sheets":["Geral","CPU","Custos_Mob_Desmob","Custos_permanência","Custos_gráficos","Encargos Sociais","BDI","SINAPI","Cronograma_instalação","Critérios de Medição"],"not_rendered":{"charts":0,"images":2,"macros":0,"external_links":0,"defined_names":0,"comments":0,"pivot_tables":0},"unopened":[],"bounds":{"document_bytes":16777216,"sheet_cells":100000,"run_cost":"one","rows_first":2000,"rows_last":500,"rows_between":2000,"halvings":0,"cell_chars":16384,"cell_head_chars":4096},"cells_cut":0,"cells_raw":0,"read":"whole","date_system":"1900"}

{"sheet":"Geral","index":0,"n_rows":21,"n_cols":12,"rows_kept":21,"cut":false,"hidden":false,"merged":[[3,0,3,3],[4,0,4,5],[20,0,20,3],[8,1,8,5],[15,1,15,5],[12,1,12,5],[5,0,5,5],[6,0,7,0],[6,1,7,1],[6,2,7,2],[6,3,7,3],[6,4,6,5],[18,0,18,3],[19,0,19,3]]}
[]
[]
[]
[{"$nulls":4},"BDI ",{"$f":"BDI!E22","v":0.2472}]
["Serviço de Manutenção e Calibração dos Medidores de Vazão nos Perímetros de Irrigação da Codevasf"]
["Planilha Orçamentária"]
["ITEM","DESCRIÇÃO","UNID.","QUANT.","VALOR ( R$ )"]
[{"$nulls":4},"UNITÁRIO","TOTAL"]
[1,"Serviços Preliminares"]
["1.1","Mobilização/Desmobilização","un.",1,{"$f":"Custos_Mob_Desmob!H19","v":4104.3666666666668},{"$f":"D10*E10","v":4104.3666666666668}]
["1.2","Administração local","un.",1,{"$f":"Custos_permanência!H14","v":13944.5},{"$f":"D11*E11","v":13944.5}]
[{"$nulls":4},"Sub Total",{"$f":"SUM(F10:F11)","v":18048.866666666669}]
[2,"Serviços Gráficos"]
["2.1","Serviços Gráficos","un.",1,{"$f":"Custos_gráficos!G35","v":409.78499999999997},{"$f":"D14*E14","v":409.78499999999997}]
[{"$nulls":4},"Sub Total",{"$f":"F14","v":409.78499999999997}]
[3,"Manutenção e Calibração dos Medidores"]
["3.1","Manutenção e Calibração dos Medidores em Canais","un.",1,{"$f":"CPU!I23","v":1882.7876868183287},{"$f":"D17*E17","v":1882.7876868183287}]
["3.2","Manutenção e Calibração dos Medidores em Adutora","un.",8,{"$f":"CPU!I46","v":1919.480543961186},{"$f":"D18*E18","v":15355.844351689488}]
[{"$nulls":4},"Sub Total",{"$f":"F18+F17","v":17238.632038507818}]
[{"$nulls":4},"TOTAL",{"$f":"F12+F15+F19","v":35697.283705174486},{"$nulls":5}," "]
[{"$nulls":4},"TOTAL GERAL (com BDI)",{"$f":"F20*(1+F4)","v":44521.652237093622}]

{"sheet":"CPU","index":1,"n_rows":96,"n_cols":17,"rows_kept":96,"cut":false,"hidden":false,"merged":[[95,1,95,7],[73,1,73,8],[79,1,79,7],[80,1,80,8],[84,1,84,7],[85,1,85,8],[91,1,91,7],[92,3,92,5],[93,1,93,7],[94,1,94,7],[56,12,56,13],[72,1,72,6],[60,1,60,8],[66,1,66,7],[67,3,67,5],[68,1,68,7],[69,1,69,7],[63,12,63,13],[70,1,70,7],[47,1,47,6],[48,1,48,8],[54,1,54,7],[55,1,55,8],[59,1,59,7],[3,11,3,14],[7,11,7,14],[0,1,0,6],[1,1,1,8],[7,1,7,7],[8,1,8,8],[22,1,22,7],[20,1,20,7],[12,1,12,7],[13,1,13,8],[18,1,18,7],[21,1,21,7],[19,3,19,5],[45,1,45,7],[10,11,10,14],[37,1,37,8],[41,1,41,7],[42,3,42,5],[43,1,43,7],[44,1,44,7],[24,1,24,6],[25,1,25,8],[31,1,31,7],[32,1,32,8],[36,1,36,7],[24,11,24,16],[25,11,25,15],[26,11,26,15]]}
[null,"SERVIÇO: Manutenção e Calibração dos Medidores de Vazão nos Canais, com Elaboração de Relatório Técnico e com Operação Assistida.",{"$nulls":5},"UNIDADE:","un."]
[null,"EQUIPAMENTO"]
[null,"DESCRIÇÃO","UNIDADE","Coef.",null,null,null,"P.UNIT.","P.TOTAL"]
[null,"Medidor de vazão portátil para canal","un.",{"$f":"M17","v":7.9365079365079365E-4},null,null,null,{"$f":"O10","v":14830},{"$f":"D4*H4","v":11.769841269841271},"Cotação",null,"Cotação Notebook Core i5, 4GB, 1TB "]
[null,"Notebook ","un.",{"$f":"P17","v":1.5873015873015873E-3},null,null,null,{"$f":"O6","v":1929.4266666666665},{"$f":"D5*H5","v":3.0625820105820103},"Cotação",null,"Americanas","Extra","Ponto Frio","Média"]
[{"$nulls":11},1999,1942.16,1847.12,{"$f":"AVERAGE(L6:N6)","v":1929.4266666666665}]
[]
[null,"SUB-TOTAL",{"$nulls":6},{"$f":"I4+I5","v":14.832423280423281},null,null,"Cotação Medidor de Vazão Portátil para canal *"]
[null,"MATERIAL",{"$nulls":9},"Hidromec **","Clean ***","****","Valor"]
[null,"DESCRIÇÃO","UNIDADE","QUANT.",null,null,null,"P.UNIT.","P.TOTAL",null,null,14830,59543.54,null,{"$f":"L10","v":14830}]
[{"$nulls":11},"Cotação Medidor de Vazão Portátil para adutora"]
[{"$nulls":11},"Contech","Lamon","Edital ANA 13/2013","Média"]
[null,"SUB-TOTAL",{"$nulls":9},52325,66000,64864,{"$f":"AVERAGE(L13:N13)","v":61063}]
[null,"MÃO DE OBRA",{"$nulls":9},"Medidor",null,null,"Notebook"]
[null,"DESCRIÇÃO","UNIDADE","QUANT.",null,null,null,"P.UNIT.","P.TOTAL",null,null,"Vida útil =",{"$f":"8*21*12*10","v":20160},"h","Vida útil =",{"$f":"8*21*12*5","v":10080},"h"]
[null,"Engenheiro Eletricista Pleno","h",12,null,null,null,{"$f":"SINAPI!E3","v":54.476534296028873},{"$f":"D16*H16","v":653.71841155234642},null,null,"Utilização =",16,"h","Utilização =",16,"h"]
[null,"Eletrotécnico","h",20,null,null,null,{"$f":"SINAPI!E4","v":8.2851985559566774},{"$f":"D17*H17","v":165.70397111913354},null,null,"Coef.",{"$f":"M16/M15","v":7.9365079365079365E-4},null,"Coef.",{"$f":"P16/P15","v":1.5873015873015873E-3}]
[]
[null,"SUB-TOTAL",{"$nulls":6},{"$f":"SUM(I16:I18)","v":819.42238267147991}]
[null,"Encargos Sociais horista  ",{"$f":"('Encargos Sociais'!C36)/100","v":1.2795999999999998},{"$nulls":5},{"$f":"((I16+I17)*C20)","v":1048.5328808664256}]
[null,"CUSTO",{"$nulls":6},{"$f":"I19+I20","v":1867.9552635379055}]
[null,"CUSTO UNITÁRIO DO SERVIÇO",{"$nulls":6},{"$f":"I8+I21","v":1882.7876868183287}]
[null,"TOTAL DO SERVIÇO - R$",{"$nulls":6},{"$f":"I22","v":1882.7876868183287}]
[]
[null,"SERVIÇO: Manutenção e Calibração dos Medidores de Vazão nas Adutoras, com Elaboração de Relatório Técnico  e com Operação Assistida.",{"$nulls":5},"UNIDADE:","un.",null,null,"* Envio das especificações a empresas para obtenção de tecnologia de medição para canais."]
[null,"EQUIPAMENTO",{"$nulls":9},"** Hidromec enviou valores referentes à tecnologia molinete."]
[null,"DESCRIÇÃO","UNIDADE","Coef.",null,null,null,"P.UNIT.","P.TOTAL",null,null,"*** Clean envoi valores referentes à tecnologia Flow Tracker."]
[null,"Medidor de vazão portátil para adutora","un.",{"$f":"M17","v":7.9365079365079365E-4},null,null,null,{"$f":"O13","v":61063},{"$f":"D28*H28","v":48.462698412698415},null,null,"**** Demais empresas não detêm a tecnologia."]
[null,"Notebook ","un.",{"$f":"P17","v":1.5873015873015873E-3},null,null,null,{"$f":"O6","v":1929.4266666666665},{"$f":"D29*H29","v":3.0625820105820103}]
[]
[]
[null,"SUB-TOTAL",{"$nulls":6},{"$f":"I28+I29","v":51.525280423280428}]
[null,"MATERIAL"]
[null,"DESCRIÇÃO","UNIDADE","QUANT.",null,null,null,"P.UNIT.","P.TOTAL"]
[]
[]
[null,"SUB-TOTAL"]
[null,"MÃO DE OBRA"]
[null,"DESCRIÇÃO","UNIDADE","QUANT.",null,null,null,"P.UNIT.","P.TOTAL"]
[null,"Engenheiro Eletricista","h",12,null,null,null,{"$f":"SINAPI!E3","v":54.476534296028873},{"$f":"D40*H40","v":653.71841155234642}]
[null,"Técnico eletricísta","h",20,null,null,null,{"$f":"SINAPI!E4","v":8.2851985559566774},{"$f":"D41*H41","v":165.70397111913354}]
[null,"SUB-TOTAL",{"$nulls":6},{"$f":"SUM(I40:I41)","v":819.42238267147991}]
[null,"Encargos Sociais horista  ",{"$f":"('Encargos Sociais'!C36)/100","v":1.2795999999999998},{"$nulls":5},{"$f":"(I40+I41)*C43","v":1048.5328808664256}]
[null,"CUSTO",{"$nulls":6},{"$f":"I42+I43","v":1867.9552635379055}]
[null,"CUSTO UNITÁRIO DO SERVIÇO",{"$nulls":6},{"$f":"I32+I44","v":1919.480543961186}]
[null,"TOTAL DO SERVIÇO - R$",{"$nulls":6},{"$f":"I45","v":1919.480543961186}]
[]
[null,"SERVIÇO: Confecção e impressão de relatórios parcial.",{"$nulls":5},"UNIDADE:","un.",null,null,null,"Toner /relatório parcial"]
[null,"EQUIPAMENTO",{"$nulls":10},"Vida útil =",200,"páginas"]
[null,"DESCRIÇÃO","UNIDADE","Coef.",null,null,null,"P.UNIT.","P.TOTAL",null,null,null,"Utilização =",50,"páginas/relatório"]
[null,"Toner/impressora","un.",{"$f":"N51","v":0.25},null,null,null,{"$f":"N62","v":42.436666666666667},{"$f":"D51*H51","v":10.609166666666667},null,null,null,"Coef.",{"$f":"N50/N49","v":0.25}]
[null,"Resma de papel A4","un.",{"$f":"50/500","v":0.1},null,null,null,{"$f":"N69","v":14.433333333333332},{"$f":"D52*H52","v":1.4433333333333334}]
[{"$nulls":12},"Toner / relatório final"]
[{"$nulls":12},"Vida útil =",200,"páginas"]
[null,"SUB-TOTAL",{"$nulls":6},{"$f":"I51+I52","v":12.0525},null,null,null,"Utilização =",400,"páginas/relatório"]
[null,"MATERIAL",{"$nulls":10},"Coef.",{"$f":"N55/N54","v":2}]
[null,"DESCRIÇÃO","UNIDADE","QUANT.",null,null,null,"P.UNIT.","P.TOTAL",null,null,null,"Cotação dos cartuchos"]
[{"$nulls":12},"Loja","R$"]
[{"$nulls":12},"HP",42.66]
[null,"SUB-TOTAL",{"$nulls":10},"Extra",39.75]
[null,"MÃO DE OBRA",{"$nulls":10},"Kalunga",44.9]
[null,"DESCRIÇÃO","UNIDADE","QUANT.",null,null,null,"P.UNIT.","P.TOTAL",null,null,null,"Média",{"$f":"AVERAGE(N59:N61)","v":42.436666666666667}]
[]
[{"$nulls":12},"Cotação papel A4"]
[{"$nulls":12},"Loja","R$"]
[{"$nulls":12},"Staples",13.9]
[null,"SUB-TOTAL",{"$nulls":6},{"$f":"SUM(I63:I66)","v":0},null,null,null,"Walmart",12.5]
[null,"Encargos Sociais horista  ",{"$nulls":6},{"$f":"(I63*G68)+((I64+I65+I66)*C68)","v":0},null,null,null,"Americanas",16.899999999999999]
[null,"CUSTO",{"$nulls":6},{"$f":"I67+I68","v":0},null,null,null,"Média",{"$f":"AVERAGE(N66:N68)","v":14.433333333333332}]
[null,"CUSTO UNITÁRIO DO SERVIÇO",{"$nulls":6},{"$f":"I55+I69","v":12.0525}]
[null,"TOTAL DO SERVIÇO - R$",{"$nulls":6},{"$f":"I70","v":12.0525}]
[]
[null,"SERVIÇO: Confecção e impressão de relatórios final.",{"$nulls":5},"UNIDADE:","un."]
[null,"EQUIPAMENTO"]
[null,"DESCRIÇÃO","UNIDADE","Coef.",null,null,null,"P.UNIT.","P.TOTAL"]
[null,"Toner/impressora","un.",{"$f":"N56","v":2},null,null,null,{"$f":"N62","v":42.436666666666667},{"$f":"D76*H76","v":84.873333333333335}]
[null,"Resma de papel A4","un.",{"$f":"400/500","v":0.8},null,null,null,{"$f":"N69","v":14.433333333333332},{"$f":"D77*H77","v":11.546666666666667},null,"  "]
[]
[]
[null,"SUB-TOTAL",{"$nulls":6},{"$f":"I76+I77","v":96.42}]
[null,"MATERIAL"]
[null,"DESCRIÇÃO","UNIDADE","QUANT.",null,null,null,"P.UNIT.","P.TOTAL"]
[]
[]
[null,"SUB-TOTAL"]
[null,"MÃO DE OBRA"]
[null,"DESCRIÇÃO","UNIDADE","QUANT.",null,null,null,"P.UNIT.","P.TOTAL"]
[]
[]
[]
[]
[null,"SUB-TOTAL",{"$nulls":6},{"$f":"SUM(I88:I91)","v":0}]
[null,"Encargos Sociais horista  ",{"$nulls":6},{"$f":"(I88*G93)+((I89+I90+I91)*C93)","v":0}]
[null,"CUSTO",{"$nulls":6},{"$f":"I92+I93","v":0}]
[null,"CUSTO UNITÁRIO DO SERVIÇO",{"$nulls":6},{"$f":"I80+I94","v":96.42}]
[null,"TOTAL DO SERVIÇO - R$",{"$nulls":6},{"$f":"I95","v":96.42}]

{"sheet":"Custos_Mob_Desmob","index":2,"n_rows":19,"n_cols":16,"rows_kept":19,"cut":false,"hidden":false,"merged":[[17,0,17,3],[18,0,18,5],[5,0,5,3],[6,0,6,3],[3,0,4,3],[3,4,4,4],[3,5,4,5],[16,0,16,3],[13,0,13,3],[14,0,14,3],[15,0,15,3],[3,7,4,7],[3,6,4,6],[2,0,2,7],[0,0,1,7],[12,12,12,14],[3,12,3,14],[12,0,12,3],[7,0,7,3],[8,0,8,3],[9,0,9,3],[11,0,11,3]]}
["MOBILIZAÇÃO/DESMOBILIZAÇÃO"]
[]
["Manutenção e Calibração dos Medidores de Vazão nos Perímetros de Irrigação da Codevasf"]
["DISCRIMINAÇÃO ",null,null,null,"UNID.","QTD ","CUSTOS UNITÁRIOS","CUSTOS TOTAIS",{"$nulls":4},"Cotações / passagens aéreas / ida"]
[{"$nulls":9},"Data da pesquisa","Data da viagem","Itinerário","Avianca","GOL","AZUL","Média"]
["1.      DESLOCAMENTO DA EQUIPE",{"$nulls":8},"2014-04-25","2014-06-29","SP - PE",575,518.9,999,{"$f":"AVERAGE(M6:O6)","v":697.63333333333333}]
["1.1    Passagens aéreas",{"$nulls":8},"2014-04-25","2014-07-23","PE - MG","-",1157.8,1094.9000000000001,{"$f":"AVERAGE(N7:O7)","v":1126.3499999999999}]
["1.1.1 São Paulo - Pernambuco",null,null,null,"unid.",2,{"$f":"P6","v":697.63333333333333},{"$f":"F8*G8","v":1395.2666666666667},null,"2014-04-25","2014-07-26","MG - SP","-",328.9,259.89999999999998,{"$f":"AVERAGE(N8:O8)","v":294.39999999999998}]
["1.1.2 Pernambuco - Minas Gerais",null,null,null,"unid.",2,{"$f":"P7","v":1126.3499999999999},{"$f":"F9*G9","v":2252.6999999999998}]
["1.1.3 Minas Gerais - São Paulo",null,null,null,"unid.",2,{"$f":"P8","v":294.39999999999998},{"$f":"F10+G10","v":296.39999999999998}]
[]
["1.2 Táxi",null,null,null,"unid.",2,80,{"$f":"F12*G12","v":160}]
[]
[]
[]
[]
[]
[]
["CUSTOS TOTAIS DE MOBILIZAÇÃO/DESMOBILIZAÇÃO  ",{"$nulls":6},{"$f":"SUM(H8:H17)","v":4104.3666666666668}]

{"sheet":"Custos_permanência","index":3,"n_rows":15,"n_cols":18,"rows_kept":15,"cut":false,"hidden":false,"merged":[[16,12,16,14],[9,0,9,3],[13,0,13,6],[2,0,2,7],[0,0,1,7],[7,0,7,3],[8,0,8,3],[5,0,5,3],[6,0,6,3],[3,0,4,3],[3,4,4,4],[3,5,4,5],[3,6,4,6],[3,7,4,7],[1,15,2,15],[1,17,2,17],[0,12,0,17],[1,16,2,16],[1,12,2,12],[1,14,2,14],[1,13,2,13]]}
["ADMINISTRAÇÃO LOCAL                                                                                         Custo de Permanência para Execução dos Serviços"]
[{"$nulls":12},"Perímetro","Nº de Medidores","Município","Estado","Distância à Sede do Município (km)","km percorrido"]
["Manutenção e Calibração dos Medidores de Vazão nos Perímetros de Irrigação da Codevasf"]
["DISCRIMINAÇÃO ",null,null,null,"UNID.","QTD ","CUSTOS UNITARIOS","CUSTOS TOTAIS",{"$nulls":4},"Nilo Coelho",3,"Petrolina","PE",10,{"$f":"Q4*2*N4","v":60}]
[{"$nulls":12},"Curaçá CPII",1,"Juazeiro","BA",70,{"$f":"Q5*2*N5","v":140}]
["1. Diárias",{"$nulls":11},"Curaçá",1,"Juazeiro","BA",70,140]
["1.1 Hospedagem",null,null,null,"unid.",70,116,{"$f":"F7*G7","v":8120},"Tabela Codevasf",null,null,null,"Maniçoba",2,"Juazeiro","BA",25,100]
[{"$nulls":12},"Mandacaru",1,"Juazeiro","BA",15,30]
["2 Deslocamentos",{"$nulls":11},"Gorutuba",1,"Montes Claros","MG",130,260]
["2.2 Aluguel de carro",null,null,null,"km",{"$f":"R15","v":730},1.65,{"$f":"F10*G10","v":1204.5},"Tabela Codevasf"]
[]
["3. Alimentação",null,null,null,"unid.",70,66,{"$f":"F12*G12","v":4620},"Tabela Codevasf"]
[]
["CUSTOS TOTAIS  ",{"$nulls":6},{"$f":"SUM(H6:H13)","v":13944.5}]
[{"$nulls":16},"Total",{"$f":"SUM(R4:R14)","v":730}]

{"sheet":"Custos_gráficos","index":4,"n_rows":43,"n_cols":7,"rows_kept":43,"cut":false,"hidden":false,"merged":[[39,0,39,6],[32,0,32,5],[33,0,33,5],[34,0,34,5],[37,0,37,4],[6,0,7,2],[6,3,7,3],[6,5,6,6],[11,0,11,2],[0,0,1,5],[2,0,2,6],[4,2,4,5],[5,0,5,1],[5,2,5,5]]}
["SERVIÇOS GRÁFICOS",{"$nulls":5},"CODIGO:"]
[]
["NOME DA CONSULTORA:"]
[]
["PROJETO: Carneiros-Tapera",null,"OBJETO:EVTEA ",null,null,null,"EDITAL:"]
[]
["DISCRIMINAÇÃO",null,null,"QTD","Nº DE","CUSTOS "]
[{"$nulls":4},"VIAS","UNITÁRIO","TOTAL"]
[]
["Relatório  Parcial",null,null,9,2,{"$f":"CPU!I71","v":12.0525},{"$f":"D10*E10*F10","v":216.94499999999999}]
["Relatório Final",null,null,1,2,{"$f":"CPU!I96","v":96.42},{"$f":"D11*E11*F11","v":192.84}]
{"$rows_empty":21}
["SUBTOTAL",{"$nulls":5},{"$f":"SUM(G10:G11)","v":409.78499999999997}]
[]
["TOTAL  DOS SERVIÇOS GRÁFICOS",{"$nulls":5},{"$f":"G33","v":409.78499999999997}]
["NOME DO INFORMANTE:",null,null,"QUALIFICAÇÃO:"]
[]
["ASSINTATURA:",{"$nulls":4},"DATA:"]
[]
["OBSERVAÇÃO:"]
["1 - RELACIONAR OS RELAT. COM RESPECTIVAS QTD E Nº DE VIAS, BEM COMO  SEUS CUSTOS C/  IMPRESSÃO "]
["2 - SERÁ CONSIDERADO UMA QUANTIDADE ESTIMADA DE 350 PÁGINAS POR VOLUME E O VOLUME DE DESENHO"]
["SENDO CONSIDERADO EM FOLHA A3 NUMA QUANTIDADE ESTIMADA DE 350 PÁGINAS"]

{"sheet":"Encargos Sociais","index":5,"n_rows":36,"n_cols":3,"rows_kept":36,"cut":false,"hidden":false,"merged":[[0,0,0,2],[1,0,1,2],[2,0,2,2]]}
["ENCARGOS SOCIAIS (%)"]
[]
["Taxas de leis sociais e riscos do trabalho (%)"]
[null,null,"HORISTA"]
["A1","Previdência Social",20]
["A2","Fundo de Garantia por Tempo de Serviço",8]
["A3","Salário Educação",2.5]
["A4","Serviço Social da Indústira (Sesi)",1.5]
["A5","Serviço Nacional de Aprendizagem Industrial (Senai)",1]
["A6","Serviço de Apoio a Pequena e Média Empresa (Sebrae)",0.6]
["A7","Instituto Nacional de Colonização e Reforma Agrária (Incra)",0.2]
["A8","Seguro contra os acidentes de trabalho (INSS)",3]
["A9","Seconci (Serviço Social da Indústria da Construção e do Mobiliário)",0]
[]
["A","Total dos Encargos Sociais",{"$f":"SUM(C5:C13)","v":36.800000000000004}]
[]
["B1","Repouso Semanal e feriados",22.9]
["B2","Auxílio-enfermidade",0.79]
["B3","Licença-paternidade",0.34]
["B4","13° salário",10.57]
["B5","Dias de chuva / faltas justificadas na obra / outras dificuldades",4.57]
[]
["B","Total dos Encargos Sociais que recebem as incidências de A",{"$f":"SUM(C17:C21)","v":39.169999999999995}]
[]
["C1","Depósito por despedida injusta: 50% sobre (A2 + (A2 x B))",{"$f":"ROUND(((C6/100)+((C6/100)*(C23/100)))/2*100,2)","v":5.57}]
["C2","Férias (indenizadas)",14.06]
["C3","Aviso-prévio (indenizado) – decreto 6.727/2009",13.12]
[]
["C","Total dos Encargos Sociais que não recebem as incidências de A",{"$f":"SUM(C25:C27)","v":32.75}]
[]
["D1","Reincidência de A sobre B",{"$f":"ROUND((C15/100*C23/100)*100,2)","v":14.41}]
["D2","Reincidência de A (exceto Seconci) sobre C3",{"$f":"ROUND(((C15-C13)*C27)/100,2)","v":4.83}]
[]
["D","Total da Reincidências",{"$f":"SUM(C31:C32)","v":19.240000000000002}]
[]
[null,"T O T A L",{"$f":"ROUND(C34+C29+C23+C15,2)","v":127.96}]

{"sheet":"BDI","index":6,"n_rows":25,"n_cols":5,"rows_kept":25,"cut":false,"hidden":false,"merged":[[2,1,2,4],[3,1,3,4],[4,1,4,4],[24,1,24,4]]}
[]
[]
[null,"DETALHAMENTO DO BDI"]
[null,"Serviços"]
[]
[]
[null,"Item","Descrição dos serviços","Preço de Venda (%)","Custo Direto (%)"]
[]
[null,1,"Administração Central (A)",null,0.04]
[]
[null,2,"Impostos e Taxas (I)",{"$f":"SUM(D12:D14)","v":8.6499999999999994E-2},{"$f":"D11*(1+$F$23)","v":8.6499999999999994E-2}]
[null,"2.1","ISS",0.05,{"$f":"D12*(1+$F$23)","v":0.05}]
[null,"2.2","PIS",6.5000000000000006E-3,{"$f":"D13*(1+$F$23)","v":6.5000000000000006E-3}]
[null,"2.3","Cofins",0.03,{"$f":"D14*(1+$F$23)","v":0.03}]
[]
[null,"3"," Seguro e garantia (R) ",null,4.4999999999999997E-3]
[]
[null,4,"Despesas Financeiras (DF)",null,0.01]
[]
[null,5,"Lucro (L)",null,0.08]
[]
[null,null,"BDI* (%)",null,{"$f":"ROUND(((((1+$E$9+$E$16)*(1+$E$18)*(1+$E$20))/(1-$E$11))-1),4)","v":0.2472}]
[]
[]
[null,"Cálculo  de acordo com o Acórdão nº 2369/2011 - TCU - Plenário - DOU nº174 em 20 de setembro de 2011                                                                                                                                                        BDI (%) = ((((1+AC)*(1+L))/(1-I))-1)"]

{"sheet":"SINAPI","index":7,"n_rows":4,"n_cols":5,"rows_kept":4,"cut":false,"hidden":false,"merged":[[0,0,0,4]]}
["Salários SINAPI"]
["Profissional","Código","Salários  com encargos","Encargos/Horista (%)","Salário sem encargos"]
["Engenheiro Eletricista Pleno",2707,120.72,1.216,{"$f":"C3/(1+D3)","v":54.476534296028873}]
["Eletrotécnico",2438,18.36,1.216,{"$f":"C4/(1+D4)","v":8.2851985559566774}]

{"sheet":"Cronograma_instalação","index":8,"n_rows":18,"n_cols":43,"rows_kept":18,"cut":false,"hidden":false,"merged":[[17,0,17,2],[16,0,16,2],[3,0,3,25],[4,0,4,3],[5,42,5,45],[6,42,11,45],[15,0,15,2],[4,4,4,45]]}
[null,"Ministério   da   Integração   Nacional  -  M I"]
[null,"Companhia de Desenvolvimento dos Vales do São Francisco e do Parnaíba"]
[null,"Área de Gestão de Empreendimentos de Irrigação"]
["CRONOGRAMA DE INSTALAÇÃO DE MEDIDORES DE VAZÃO NAS CAPTAÇÕES DOS PERÍMETROS IRRIGADOS"]
[{"$nulls":4},"Dias"]
["PERÍMETRO","UF","SR","QUANT.","1º","2º","3º","4º","5º","6º","7º","8º","9º","10º","11º","12º","13º","14º","15º","16º","17º","18º","19º","20º","21º","22º","23º","24º","25º","26º","27º","28º","29º","30º","31º","32º","33º","34º","35º","36º","37º","38º","39º - 90º"]
["Nilo Coelho","PE","3ª",3,"y","y","y","y","y","x","x","y","z","z",null,null,"x","x",{"$nulls":5},"x","x",{"$nulls":5},"x","x",{"$nulls":5},"x","x",null,null,null,"Assistência Técnica e Entrega do Relatório Final"]
["Curaçá","BA","6ª",1,{"$nulls":5},"x","x",null,null,null,"y","y","x","x","z",{"$nulls":4},"x","x",{"$nulls":5},"x","x",{"$nulls":5},"x","x"]
["Curaçá CP2","BA","6ª",1,{"$nulls":5},"x","x",{"$nulls":5},"x","x",null,"y","y","z",null,"x","x",{"$nulls":5},"x","x",{"$nulls":5},"x","x"]
["Mandacaru","BA","6ª",1,{"$nulls":5},"x","x",{"$nulls":5},"x","x",{"$nulls":4},"y","x","x","y","z",null,null,null,"x","x",{"$nulls":5},"x","x"]
["Maniçoba","BA","6ª",2,{"$nulls":5},"x","x",{"$nulls":5},"x","x",{"$nulls":5},"x","x",null,null,"y","y","z","x","x","y","y","z",null,null,"x","x"]
["Gorutuba","MG","1ª",1,{"$nulls":5},"x","x",{"$nulls":5},"x","x",{"$nulls":5},"x","x",{"$nulls":5},"x","x",{"$nulls":5},"x","x","y","y","z"]
[]
[]
[]
["Fim de semana",null,null,"x"]
["Trabalho de campo",null,null,"y"]
["Operação Assistida",null,null,"z"]

{"sheet":"Critérios de Medição","index":9,"n_rows":13,"n_cols":6,"rows_kept":13,"cut":false,"hidden":false,"merged":[[5,0,5,5],[3,3,3,4],[7,0,9,0],[7,2,9,2],[7,4,9,4],[4,0,4,2],[4,3,4,4]]}
[null,"Ministério   da   Integração   Nacional  -  M I"]
[null,"Companhia de Desenvolvimento dos Vales do São Francisco e do Parnaíba"]
[null,"Área de Gestão de Empreendimentos de Irrigação"]
[null,null,null,"Valor Total",null,{"$f":"Geral!F21","v":44521.652237093622}]
[null,null,null,"Valor  médio por medidor",null,{"$f":"F4/9","v":4946.8502485659583}]
["Critérios de Medição / Cronograma Físico-Financeiro"]
["Eventos","Composição","Quantitativo","Fracionamento (%)","Coeficiente","Preço Unitário             (R$)"]
["Relatório Técnico","Certificado de Calibração",1,20,0.7,{"$f":"$F$5*0.2*0.7","v":692.55903479923415}]
[null,"Certificado de Operação",null,20,null,{"$f":"$F$5*0.2*0.7","v":692.55903479923415}]
[null,"Emissão e Entrega do Relatório Técnico de Manutenção",null,60,null,{"$f":"$F$5*0.6*0.7","v":2077.6771043977024}]
["Relatório Parcial Definitivo","Emissão e Entrega",1,100,0.1,{"$f":"$F$4*1*0.1","v":4452.1652237093622}]
["Relatório Final Definitivo","Emissão e Entrega",1,100,0.15,{"$f":"$F$4*1*0.15","v":6678.2478355640433}]
["Termo de Encerramento Físico","Aceitação",1,100,0.05,{"$f":"$F$4*1*0.05","v":2226.0826118546811}]